<?xml version="1.0" encoding="UTF-8"?>
<record
    xmlns:xsi="http://www.w3.org/2001/XMLSchema-instance"
    xsi:schemaLocation="http://www.loc.gov/MARC21/slim http://www.loc.gov/standards/marcxml/schema/MARC21slim.xsd"
    xmlns="http://www.loc.gov/MARC21/slim">

  <leader>00909nam a2200277 a 4500</leader>
  <controlfield tag="003">CO-ViMGA</controlfield>
  <controlfield tag="005">20230915233132.0</controlfield>
  <controlfield tag="008">080618s2005    ck     gr     0001fdspa d</controlfield>
  <datafield tag="020" ind1=" " ind2=" ">
    <subfield code="a">9588160928</subfield>
  </datafield>
  <datafield tag="040" ind1=" " ind2=" ">
    <subfield code="a">CO-ViMGA</subfield>
    <subfield code="b">spa</subfield>
    <subfield code="c">CO-ViMGA</subfield>
  </datafield>
  <datafield tag="043" ind1=" " ind2=" ">
    <subfield code="a">ck</subfield>
  </datafield>
  <datafield tag="090" ind1=" " ind2=" ">
    <subfield code="a">N PAZA1</subfield>
  </datafield>
  <datafield tag="100" ind1="1" ind2="0">
    <subfield code="a">Paz Otero, Vc&#x315;tor</subfield>
    <subfield code="d">1945-</subfield>
    <subfield code="9">19947</subfield>
  </datafield>
  <datafield tag="245" ind1="1" ind2="3">
    <subfield code="a">La agonia erotica de Bolivar, el amor y la muerte ; Editores Benjamn&#x315; Villegas</subfield>
    <subfield code="c">Victor Paz Otero.</subfield>
  </datafield>
  <datafield tag="250" ind1=" " ind2=" ">
    <subfield code="a">.</subfield>
  </datafield>
  <datafield tag="260" ind1="3" ind2=" ">
    <subfield code="a">Bogot </subfield>
    <subfield code="b">Villegas Editores</subfield>
    <subfield code="c">2005</subfield>
  </datafield>
  <datafield tag="300" ind1=" " ind2=" ">
    <subfield code="a">143 pg&#x300;inas </subfield>
    <subfield code="c">23 cm.</subfield>
  </datafield>
  <datafield tag="490" ind1=" " ind2=" ">
    <subfield code="a">Villegas. Epistolario po&#x165;ica </subfield>
  </datafield>
  <datafield tag="500" ind1=" " ind2=" ">
    <subfield code="a">Donacin&#x324; Villegas Editores</subfield>
  </datafield>
  <datafield tag="600" ind1="1" ind2="4">
    <subfield code="a">Bolvar, Simon</subfield>
    <subfield code="d">1783-1830</subfield>
    <subfield code="v">Novela</subfield>
    <subfield code="9">4384</subfield>
  </datafield>
  <datafield tag="600" ind1="1" ind2="4">
    <subfield code="a">Saenz, Manuela</subfield>
    <subfield code="d">1796-1859</subfield>
    <subfield code="v">Novela</subfield>
    <subfield code="9">20184</subfield>
  </datafield>
  <datafield tag="650" ind1="1" ind2="4">
    <subfield code="a">Novela amorosa</subfield>
    <subfield code="2">LEMB</subfield>
    <subfield code="9">2005</subfield>
  </datafield>
  <datafield tag="650" ind1="1" ind2="4">
    <subfield code="a">Novela colombiana</subfield>
    <subfield code="2">LEMB</subfield>
    <subfield code="9">588</subfield>
  </datafield>
  <datafield tag="700" ind1="1" ind2="0">
    <subfield code="a">Villegas, Benjamn&#x315;</subfield>
    <subfield code="d">1948-</subfield>
    <subfield code="e">editor</subfield>
    <subfield code="9">19960</subfield>
  </datafield>
  <datafield tag="942" ind1=" " ind2=" ">
    <subfield code="2">ddc</subfield>
    <subfield code="c">BK</subfield>
  </datafield>
  <datafield tag="999" ind1=" " ind2=" ">
    <subfield code="c">35524</subfield>
    <subfield code="d">35524</subfield>
  </datafield>
  <datafield tag="952" ind1=" " ind2=" ">
    <subfield code="0">0</subfield>
    <subfield code="1">0</subfield>
    <subfield code="2">ddc</subfield>
    <subfield code="4">0</subfield>
    <subfield code="7">0</subfield>
    <subfield code="8">003</subfield>
    <subfield code="a">MEVIECAR</subfield>
    <subfield code="b">MEVIECAR</subfield>
    <subfield code="d">2016-05-24</subfield>
    <subfield code="l">1</subfield>
    <subfield code="o">N PAZA1</subfield>
    <subfield code="p">30078</subfield>
    <subfield code="r">2019-03-08 00:00:00</subfield>
    <subfield code="s">2016-07-28</subfield>
    <subfield code="t">Ej. 1</subfield>
    <subfield code="w">2016-05-24</subfield>
    <subfield code="y">BK</subfield>
  </datafield>
</record>
